• 首页
  • 本馆介绍
  • 公告通知
  • 最新文献
  • 馆藏检索
  • 电子资源
  • 读者导购
  • 参考咨询
  • 我的图书馆
  • 登录
  • 详细信息显示
  • 放入我的书架
  • 预约/预借图书
  • 作者相关作品
  • 分类相关作品
  • 丛书相关作品
  • 出版社相关作品

书目信息

  • 表格格式
  • 工作单格式
  • 卡片格式
题名:
中外安全生产法比较研究
    
 
作者: 詹瑜璞 , 詹士杰 著
分册:  
出版信息: 北京   知识产权出版社有限责任公司  2019
页数: 598页
开本: 26cm
丛书名:
单 册:
中图分类: D922.544 , D922.54
科图分类:
主题词: 安全法规--对比研究--中国--国外
电子资源:
ISBN: 978-7-5130-6193-3
000 01159nam0 2200253 450
001 2273315756
005 20220917202223.94
010    @a978-7-5130-6193-3@dCNY168.00
100    @a20190921d2019 em y0chiy50 ea
101 0  @achi
102    @aCN@b110000
105    @ay z 000yy
200 1  @a中外安全生产法比较研究@9zhong wai an quan sheng chan fa bi jiao yan jiu@dComparative study on Chinese and foreign production safety laws@f詹瑜璞,詹士杰著@zeng
210    @a北京@c知识产权出版社有限责任公司@d2019
215    @a598页@d26cm
330    @a本书研究主要选取了中国法、国际公约(简称国际法)、英国法、美国法、澳大利亚法、南非法、德国法、日本法的有关法律文本以及少量的俄罗斯法、印度法、新加坡法等资料。主要内容包括:各国安全生产立法概述、安全生产法总则事项比较、我国危险作业罪条款稿与台港澳地区以及国外相关罪名比较研究等十三章。
510 1  @aComparative study on Chinese and foreign production safety laws@zeng
606 0  @a安全法规@x对比研究@y中国@x国外
690    @aD922.544@v5
690    @aD922.54@v4
701  0 @a詹瑜璞@9zhan yu pu@f(1963-)@4著
701  0 @a詹士杰@9zhan shi jie@4著
801  0 @aCN@b91MARC@c20190921
905    @aZUCC@dD922.54@e10
    
    中外安全生产法比较研究=Comparative study on Chinese and foreign production safety laws/詹瑜璞,詹士杰著.-北京:知识产权出版社有限责任公司,2019
    598页;26cm
    
    
    ISBN 978-7-5130-6193-3:CNY168.00
    本书研究主要选取了中国法、国际公约(简称国际法)、英国法、美国法、澳大利亚法、南非法、德国法、日本法的有关法律文本以及少量的俄罗斯法、印度法、新加坡法等资料。主要内容包括:各国安全生产立法概述、安全生产法总则事项比较、我国危险作业罪条款稿与台港澳地区以及国外相关罪名比较研究等十三章。
●
相关链接 在五车中查询图书 在当当中查询图书 在豆瓣中查询图书


正题名:中外安全生产法比较研究     索取号:D922.54/10         预约/预借

序号 登录号 条形码 馆藏地/架位号 状态 备注
1 2000897056   2000897056   第三书库/ [索取号:D922.54/10] 在馆    
2 2000897057   2000897057   第三书库/ [索取号:D922.54/10] 在馆    
3 2000897058   2000897058   第三书库/ [索取号:D922.54/10] 在馆    
山东省滨州职业学院图书馆 欢迎您!
大连网信软件有限公司© 版权所有